[Event "Titled Tuesday intern op 16th Apr Early"]
[Site "Chess.com INT"]
[Date "2024.04.16"]
[Round "8"]
[White "Andreikin, Dmitry"]
[Black "Vidit, Santosh Gujrathi"]
[Result "1-0"]
[WhiteElo "2729"]
[BlackElo "2727"]
[PlyCount "117"]
[EventDate "2024.04.16"]
[EventType "swiss (blitz)"]
[EventRounds "11"]
[EventCountry "USA"]
[SourceTitle "CB17_2024"]
[SourceDate "2024.04.24"]
[SourceVersion "1"]
[SourceVersionDate "2024.04.24"]
[SourceQuality "1"]

1. c4 e5 2. Nc3 Nf6 3. Nf3 Nc6 4. d3 d5 5. cxd5 Nxd5 6. g3 Bc5 7. Bg2 0-0 8. 0-0 h6 9. Bd2 Nf6 10. Rc1 Re8 11. a3 a5 12. Qb3 Bf8 13. Rfe1 Rb8 14. Be3 Be6 15. Qd1 Qd7 16. Nd2 Ng4 17. Nf1 Rbd8 18. Qa4 Nd4 19. Qxd7 Rxd7 20. h3 Nxe3 21. Nxe3 c6 22. g4 Nb3 23. Rc2 Bd6 24. Ne4 a4 25. Nf5 Bf8 26. Nxh6+ gxh6 27. Nf6+ Kh8 28. Nxe8 Be7 29. e3 Rd8 30. Nc7 Bc8 31. d4 Bd6 32. Na8 exd4 33. exd4 Be6 34. d5 cxd5 35. Nb6 d4 36. Rd1 Bf4 37. Bf1 h5 38. f3 d3 39. Rxd3 Rxd3 40. Bxd3 Be3+ 41. Kg2 Bxb6 42. gxh5 Kg7 43. Bc4 Nd4 44. Rc1 Bd7 45. Bd5 Nc6 46. Rc4 Ne5 47. Re4 f6 48. Bxb7 Bf5 49. Rf4 Bc2 50. h6+ Kf7 51. Be4 Bxe4 52. fxe4 Kg6 53. h7 Kxh7 54. Rxf6 Bd4 55. Ra6 Bxb2 56. Rxa4 Kg6 57. Ra6+ Kg5 58. a4 Bc3 59. Ra8 1-0

[Event "Candidates Tournament"]
[Site "Toronto"]
[Date "2024.04.15"]
[Round "10"]
[White "Praggnanandhaa, Rameshbabu"]
[Black "Vidit, Santosh Gujrathi"]
[Result "1/2-1/2"]
[WhiteElo "2747"]
[BlackElo "2727"]
[PlyCount "78"]
[EventDate "2024.04.04"]
[EventType "tourn"]
[EventRounds "14"]
[EventCountry "CAN"]
[EventCategory "20"]
[SourceTitle "CB17_2024"]
[SourceDate "2024.04.24"]
[SourceVersion "1"]
[SourceVersionDate "2024.04.24"]
[SourceQuality "1"]

1. e4 e5 2. Nf3 Nc6 3. Bb5 Nf6 4. d3 Bc5 5. Bxc6 dxc6 6. Qe2 Nd7 7. Be3 Qe7 8. Nc3 Bd6 9. Nd2 Nc5 10. Nc4 Ne6 11. Qd2 f6 12. Nxd6+ Qxd6 13. Ne2 b6 14. f4 exf4 15. Nxf4 c5 16. Qf2 Bb7 17. Nxe6 Qxe6 18. b3 0-0-0 19. 0-0 Kb8 20. Rae1 Rhf8 21. Qf5 Qd6 22. Qh3 h6 23. Rf2 Bc8 24. Qg3 Qxg3 25. hxg3 Be6 26. a4 a5 27. Bd2 Rfe8 28. Bc3 Rd7 29. Rf4 Kb7 30. Kf2 Rde7 31. g4 Bd7 32. Ra1 Be6 33. Kg3 Bd7 34. Rf2 Bc8 35. Re1 Bd7 36. Rfe2 Kc6 37. Rf2 Kb7 38. Rfe2 Kc6 39. Rf2 Kb7 1/2-1/2

[Event "Candidates Tournament"]
[Site "Toronto"]
[Date "2024.04.10"]
[Round "6"]
[White "Vidit, Santosh Gujrathi"]
[Black "Firouzja, Alireza"]
[Result "1-0"]
[WhiteElo "2727"]
[BlackElo "2760"]
[PlyCount "79"]
[EventDate "2024.04.04"]
[EventType "tourn"]
[EventRounds "14"]
[EventCountry "CAN"]
[EventCategory "20"]
[SourceTitle "CB17_2024"]
[SourceDate "2024.04.24"]
[SourceVersion "1"]
[SourceVersionDate "2024.04.24"]
[SourceQuality "1"]

1. e4 c5 2. Nf3 d6 3. d4 cxd4 4. Nxd4 Nf6 5. Nc3 Nc6 6. Bc4 Qb6 7. Nb3 e6 8. Bf4 Qd8 9. Qd2 a6 10. a3 b5 11. Be2 Bb7 12. 0-0-0 Qb6 13. g4 Qxf2 14. e5 Nd7 15. exd6 Qb6 16. Be3 Qd8 17. Rhf1 Nce5 18. Qd4 Rc8 19. Qa7 Bc6 20. Qxa6 Ra8 21. Ba7 g6 22. Bxb5 Bh6+ 23. Kb1 Bxb5 24. Nxb5 0-0 25. Nc7 Nxg4 26. Nxa8 Qxa8 27. Qe2 Qxa7 28. Qxg4 Bg7 29. Qc4 Qb7 30. Qc7 Qb5 31. Rf4 Qe2 32. Rd2 Qe5 33. Rfd4 Nf6 34. Qc5 Nd5 35. Ka2 Qf6 36. c3 Bh6 37. Rxd5 exd5 38. Rxd5 Bf4 39. d7 Rd8 40. Nd4 1-0

[Event "Candidates Tournament"]
[Site "Toronto"]
[Date "2024.04.04"]
[Round "1"]
[White "Gukesh, Dommaraju"]
[Black "Vidit, Santosh Gujrathi"]
[Result "1/2-1/2"]
[WhiteElo "2743"]
[BlackElo "2727"]
[PlyCount "42"]
[EventDate "2024.04.04"]
[EventType "tourn"]
[EventRounds "14"]
[EventCountry "CAN"]
[EventCategory "20"]
[SourceTitle "CB17_2024"]
[SourceDate "2024.04.24"]
[SourceVersion "1"]
[SourceVersionDate "2024.04.24"]
[SourceQuality "1"]

1. d4 d5 2. c4 e6 3. Nc3 c5 4. e3 Nf6 5. Nf3 Nc6 6. a3 a6 7. dxc5 Bxc5 8. b4 Bd6 9. Ra2 Ne5 10. Rd2 Nxf3+ 11. gxf3 0-0 12. Bb2 a5 13. cxd5 e5 14. Nb5 axb4 15. Nxd6 Qxd6 16. axb4 Qxb4 17. Qc2 Bg4 18. Bc3 Qa3 19. Bb2 Qb4 20. Bc3 Qa3 21. Bb2 Qb4 1/2-1/2

[Event "Prague Masters 6th"]
[Site "Prague"]
[Date "2024.03.07"]
[Round "9"]
[White "Nguyen, Thai Dai Van"]
[Black "Vidit, Santosh Gujrathi"]
[Result "1/2-1/2"]
[WhiteElo "2630"]
[BlackElo "2747"]
[PlyCount "61"]
[EventDate "2024.02.26"]
[EventType "tourn"]
[EventRounds "9"]
[EventCountry "CZE"]
[EventCategory "19"]
[SourceTitle "CB11_2024"]
[SourceDate "2024.03.13"]
[SourceVersion "1"]
[SourceVersionDate "2024.03.13"]
[SourceQuality "1"]

1. e4 c5 2. Nf3 Nc6 3. Bb5 g6 4. 0-0 Bg7 5. c3 Nf6 6. Re1 0-0 7. h3 e5 8. d4 cxd4 9. cxd4 Nxd4 10. Nxd4 exd4 11. Qxd4 d6 12. Nc3 Be6 13. Qb4 d5 14. e5 Nd7 15. Bf4 Rc8 16. Rad1 Nc5 17. Be3 b6 18. Qd4 Qc7 19. Bg5 Ne4 20. Nxe4 dxe4 21. Qxe4 h6 22. Bf6 Bxf6 23. exf6 Bxa2 24. Qe3 Kh7 25. Qa3 Qc5 26. Qxa2 Qxb5 27. Re7 Kg8 28. Rxa7 Qf5 29. Qb3 Qxf6 30. Rad7 Rfd8 31. Rxd8+ 1/2-1/2

[Event "Prague Masters 6th"]
[Site "Prague"]
[Date "2024.03.06"]
[Round "8"]
[White "Vidit, Santosh Gujrathi"]
[Black "Rapport, Richard"]
[Result "1/2-1/2"]
[WhiteElo "2747"]
[BlackElo "2717"]
[PlyCount "60"]
[EventDate "2024.02.26"]
[EventType "tourn"]
[EventRounds "9"]
[EventCountry "CZE"]
[EventCategory "19"]
[SourceTitle "CB11_2024"]
[SourceDate "2024.03.13"]
[SourceVersion "1"]
[SourceVersionDate "2024.03.13"]
[SourceQuality "1"]

1. d4 d6 2. Nf3 Nf6 3. c4 g6 4. Nc3 Bg7 5. e4 0-0 6. Be2 e5 7. d5 Nbd7 8. Be3 Ng4 9. Bg5 f6 10. Bh4 Nh6 11. Nd2 g5 12. Bg3 f5 13. f3 Nf6 14. h3 f4 15. Bf2 c5 16. Qc2 Nf7 17. a3 Bd7 18. b4 b6 19. 0-0-0 h5 20. Kb2 Qc7 21. b5 a5 22. bxa6 Rxa6 23. Nb5 Qb7 24. a4 Rfa8 25. Ra1 Qb8 26. Nb1 Nd8 27. N1c3 h4 28. Rhb1 Nb7 29. Kc1 Bf8 30. Be1 Be7 1/2-1/2

[Event "Prague Masters 6th"]
[Site "Prague"]
[Date "2024.02.29"]
[Round "3"]
[White "Gukesh, Dommaraju"]
[Black "Vidit, Santosh Gujrathi"]
[Result "1/2-1/2"]
[WhiteElo "2743"]
[BlackElo "2747"]
[PlyCount "75"]
[EventDate "2024.02.26"]
[EventType "tourn"]
[EventRounds "9"]
[EventCountry "CZE"]
[EventCategory "19"]
[SourceTitle "CB11_2024"]
[SourceDate "2024.03.13"]
[SourceVersion "1"]
[SourceVersionDate "2024.03.13"]
[SourceQuality "1"]

1. e4 e5 2. Nf3 Nc6 3. Bb5 Nf6 4. d3 Bc5 5. 0-0 d6 6. Nc3 0-0 7. Na4 Nd4 8. Nxc5 Nxb5 9. a4 dxc5 10. axb5 Qd6 11. Nh4 Rd8 12. Qe2 Bg4 13. f3 Be6 14. b3 Qb6 15. Kh1 Qxb5 16. Bg5 a5 17. Qe3 a4 18. bxa4 Rxa4 19. Rxa4 Qxa4 20. Qxc5 Qc6 21. Qxc6 bxc6 22. f4 exf4 23. Bxf4 Rc8 24. Be3 Ra8 25. Nf3 Ra2 26. Rc1 Nd7 27. Bf4 c5 28. Bxc7 h6 29. Kg1 f5 30. Nd2 fxe4 31. Nxe4 c4 32. d4 Bf5 33. Nc3 Rxc2 34. Rxc2 Bxc2 35. Kf2 Kf7 36. Ke3 Nf6 37. d5 Be4 38. Nxe4 1/2-1/2

[Event "Chessable Masters Play In"]
[Site "Chess.com INT"]
[Date "2024.01.31"]
[Round "4"]
[White "Ibarra Jerez, Jose Carlos"]
[Black "Vidit, Santosh Gujrathi"]
[Result "0-1"]
[WhiteElo "2559"]
[BlackElo "2742"]
[PlyCount "118"]
[EventDate "2024.01.31"]
[EventType "swiss (rapid)"]
[EventRounds "9"]
[EventCountry "USA"]
[SourceTitle "CB06_2024"]
[SourceDate "2024.02.07"]
[SourceVersion "1"]
[SourceVersionDate "2024.02.07"]
[SourceQuality "1"]

1. e4 c5 2. Nf3 e6 3. d3 Nc6 4. g3 Nf6 5. Bg2 Be7 6. 0-0 d6 7. c3 0-0 8. Re1 e5 9. d4 exd4 10. cxd4 d5 11. exd5 Nxd5 12. Nc3 Be6 13. dxc5 Nxc3 14. bxc3 Bxc5 15. Ng5 Qxd1 16. Rxd1 Bg4 17. Rd5 Bb6 18. Ba3 Rfe8 19. h3 Bh5 20. Nxh7 Bg6 21. Ng5 Re2 22. Bc5 f6 23. Bxb6 axb6 24. Nf3 Raxa2 25. Rxa2 Rxa2 26. Nd4 Ra1+ 27. Kh2 Rc1 28. Rb5 Rxc3 29. Nxc6 bxc6 30. Rxb6 c5 31. Rb8+ Kh7 32. Rc8 Bd3 33. g4 c4 34. Bd5 Rc1 35. f3 Kg6 36. Be4+ Bxe4 37. fxe4 Kg5 38. Kg3 Rc3+ 39. Kf2 Kf4 40. Rc7 g5 41. Rc6 Kxe4 42. Rxf6 Rxh3 43. Rf5 c3 44. Ke2 Rh1 45. Rc5 Kd4 46. Rc8 c2 47. Kd2 c1Q+ 48. Rxc1 Rxc1 49. Kxc1 Ke3 50. Kd1 Kf3 51. Ke1 Kxg4 52. Kf1 Kf3 53. Kg1 Kg3 54. Kh1 Kf2 55. Kh2 g4 56. Kh1 Kg3 57. Kg1 Kh3 58. Kh1 g3 59. Kg1 g2 0-1

[Event "Chessable Masters Play In"]
[Site "Chess.com INT"]
[Date "2024.01.31"]
[Round "5"]
[White "Vidit, Santosh Gujrathi"]
[Black "Kevlishvili, Robby"]
[Result "1-0"]
[WhiteElo "2742"]
[BlackElo "2531"]
[PlyCount "93"]
[EventDate "2024.01.31"]
[EventType "swiss (rapid)"]
[EventRounds "9"]
[EventCountry "USA"]
[SourceTitle "CB06_2024"]
[SourceDate "2024.02.07"]
[SourceVersion "1"]
[SourceVersionDate "2024.02.07"]
[SourceQuality "1"]

1. e4 e5 2. Nf3 Nc6 3. Bb5 a6 4. Ba4 Nf6 5. 0-0 Be7 6. Bxc6 dxc6 7. d3 Nd7 8. Be3 0-0 9. Nbd2 Re8 10. a4 a5 11. Kh1 b6 12. Ng1 Nf8 13. Ne2 Ng6 14. Ng3 Be6 15. Qf3 Nh4 16. Qe2 Qd7 17. f4 Bg4 18. Qf2 exf4 19. Bxf4 Rf8 20. Nc4 Ng6 21. Ne3 Be6 22. Nef5 Bf6 23. d4 Rae8 24. Rae1 Bc4 25. Rg1 Bxd4 26. Nxd4 Nxf4 27. b3 Ba6 28. Rd1 Qg4 29. Ndf5 Ne2 30. Nxe2 Bxe2 31. Rde1 Ba6 32. Re3 Rxe4 33. Nh6+ gxh6 34. Rg3 Rfe8 35. Rxg4+ Rxg4 36. Re1 Rf8 37. Re7 Bc8 38. h3 Rg6 39. Rxc7 Be6 40. Rxc6 Rd8 41. Rxb6 Rd1+ 42. Kh2 Kg7 43. c4 Rd3 44. Qb2+ Rf6 45. Rb5 Rd1 46. Rxa5 Rdf1 47. Re5 1-0

[Event "Chessable Masters Play In"]
[Site "Chess.com INT"]
[Date "2024.01.31"]
[Round "3"]
[White "Warmerdam, Max"]
[Black "Vidit, Santosh Gujrathi"]
[Result "0-1"]
[WhiteElo "2625"]
[BlackElo "2742"]
[PlyCount "74"]
[EventDate "2024.01.31"]
[EventType "swiss (rapid)"]
[EventRounds "9"]
[EventCountry "USA"]
[SourceTitle "CB06_2024"]
[SourceDate "2024.02.07"]
[SourceVersion "1"]
[SourceVersionDate "2024.02.07"]
[SourceQuality "1"]

1. d4 Nf6 2. c4 e6 3. Nf3 Bb4+ 4. Bd2 a5 5. a3 Bxd2+ 6. Qxd2 0-0 7. Nc3 d5 8. e3 Qe7 9. Rc1 b6 10. cxd5 exd5 11. Be2 Bb7 12. 0-0 Rd8 13. Ne5 Nbd7 14. Nd3 Ne4 15. Nxe4 dxe4 16. Nf4 c5 17. Rfd1 Rac8 18. Qe1 cxd4 19. Rxd4 Ne5 20. Rxc8 Rxc8 21. h3 h6 22. Qd1 Qg5 23. Rd6 Bc6 24. Qb3 b5 25. Qc3 Qe7 26. Rd4 Bb7 27. Qxa5 Nc6 28. Qd2 Nxd4 29. Qxd4 Qc5 30. Qd7 Qc1+ 31. Kh2 Qc7 32. Qg4 Qe5 33. b4 Rd8 34. h4 g5 35. Qh5 Re8 36. Qxh6 gxf4 37. exf4 Re6 0-1

[Event "Tata Steel-A 86th"]
[Site "Wijk aan Zee"]
[Date "2024.01.28"]
[Round "13"]
[White "Wei, Yi"]
[Black "Vidit, Santosh Gujrathi"]
[Result "1-0"]
[WhiteElo "2740"]
[BlackElo "2742"]
[PlyCount "75"]
[EventDate "2024.01.13"]
[EventType "tourn"]
[EventRounds "13"]
[EventCountry "NED"]
[EventCategory "19"]
[SourceTitle "CB05_2024"]
[SourceDate "2024.01.31"]
[SourceVersion "1"]
[SourceVersionDate "2024.01.31"]
[SourceQuality "1"]

1. d4 d5 2. Nf3 Nf6 3. e3 c5 4. c3 e6 5. Bd3 Nbd7 6. Nbd2 Bd6 7. 0-0 0-0 8. Re1 Qc7 9. e4 cxd4 10. cxd4 dxe4 11. Nxe4 b6 12. Bg5 Nxe4 13. Rxe4 Bb7 14. Rc1 Qb8 15. Rh4 f5 16. Bc4 Qe8 17. Qb3 Kh8 18. Re1 Be4 19. Bxe6 Qg6 20. Bd2 Nf6 21. Ng5 f4 22. Rxh7+ Nxh7 23. Nxe4 f3 24. g3 Be7 25. d5 Rad8 26. Qa4 a5 27. Qc6 Bb4 28. Bxb4 axb4 29. h4 Ra8 30. Nd6 Ra7 31. Qxb6 Rxa2 32. Qc7 Nf6 33. Nf7+ Kh7 34. Ne5 Qh6 35. Qc2+ g6 36. Nxg6 Rfa8 37. Ne5+ Kg7 38. Qc7+ 1-0

[Event "Tata Steel-A 86th"]
[Site "Wijk aan Zee"]
[Date "2024.01.20"]
[Round "7"]
[White "Vidit, Santosh Gujrathi"]
[Black "Firouzja, Alireza"]
[Result "1-0"]
[WhiteElo "2742"]
[BlackElo "2759"]
[PlyCount "83"]
[EventDate "2024.01.13"]
[EventType "tourn"]
[EventRounds "13"]
[EventCountry "NED"]
[EventCategory "19"]
[SourceTitle "CB05_2024"]
[SourceDate "2024.01.31"]
[SourceVersion "1"]
[SourceVersionDate "2024.01.31"]
[SourceQuality "1"]

1. e4 c5 2. Nf3 d6 3. d4 cxd4 4. Nxd4 Nf6 5. Nc3 a6 6. h3 Nc6 7. Be3 e5 8. Nb3 Be6 9. Qf3 Nb4 10. 0-0-0 Rc8 11. Kb1 Qc7 12. a3 Nxc2 13. Kxc2 Qc6 14. Nd2 Qa4+ 15. Kd3 Rxc3+ 16. bxc3 d5 17. Ke2 dxe4 18. Qg3 Nd7 19. Ke1 f5 20. Be2 g6 21. h4 Be7 22. Bg5 f4 23. Bxf4 exf4 24. Qxf4 Rf8 25. Qxe4 Qxe4 26. Nxe4 Bxa3 27. h5 Bf5 28. Rd4 Ne5 29. hxg6 Bxg6 30. Bh5 Nc6 31. Rd5 Ke7 32. Bxg6 hxg6 33. Rh7+ Ke6 34. Rdd7 b5 35. f3 Rc8 36. Rb7 b4 37. cxb4 Bxb4+ 38. Ke2 a5 39. Rhg7 Ne5 40. Ke3 Rc6 41. f4 Ng4+ 42. Kd4 1-0

[Event "Tata Steel-A 86th"]
[Site "Wijk aan Zee"]
[Date "2024.01.19"]
[Round "6"]
[White "Ju, Wenjun"]
[Black "Vidit, Santosh Gujrathi"]
[Result "1/2-1/2"]
[WhiteElo "2549"]
[BlackElo "2742"]
[PlyCount "53"]
[EventDate "2024.01.13"]
[EventType "tourn"]
[EventRounds "13"]
[EventCountry "NED"]
[EventCategory "19"]
[SourceTitle "CB05_2024"]
[SourceDate "2024.01.31"]
[SourceVersion "1"]
[SourceVersionDate "2024.01.31"]
[SourceQuality "1"]

1. d4 Nf6 2. c4 e6 3. Nf3 b6 4. g3 Ba6 5. b3 Bb4+ 6. Bd2 Be7 7. Bg2 0-0 8. 0-0 c6 9. Bc3 d5 10. Nbd2 Nbd7 11. Qc2 c5 12. dxc5 bxc5 13. e3 Qb6 14. Rfd1 Bb7 15. Rac1 Rfd8 16. cxd5 exd5 17. Ne5 Nxe5 18. Bxe5 Rac8 19. Qf5 g6 20. Qf3 Nd7 21. Ba1 Qe6 22. Qf4 Bd6 23. Qh6 Bf8 24. Qh4 Be7 25. Qh6 Bf8 26. Qh4 Be7 27. Qh6 1/2-1/2

[Event "Tata Steel-A 86th"]
[Site "Wijk aan Zee"]
[Date "2024.01.16"]
[Round "4"]
[White "Van Foreest, Jorden"]
[Black "Vidit, Santosh Gujrathi"]
[Result "1/2-1/2"]
[WhiteElo "2682"]
[BlackElo "2742"]
[PlyCount "69"]
[EventDate "2024.01.13"]
[EventType "tourn"]
[EventRounds "13"]
[EventCountry "NED"]
[EventCategory "19"]
[SourceTitle "CB05_2024"]
[SourceDate "2024.01.31"]
[SourceVersion "1"]
[SourceVersionDate "2024.01.31"]
[SourceQuality "1"]

1. e4 e5 2. Nf3 Nc6 3. Nc3 Nf6 4. Bb5 Nd4 5. Bc4 Bc5 6. Nxe5 Qe7 7. Nf3 d5 8. Nxd5 Qxe4+ 9. Ne3 Bg4 10. Be2 Nxe2 11. Qxe2 0-0-0 12. d3 Qe6 13. Nxg4 Qxe2+ 14. Kxe2 Nxg4 15. Bg5 Rde8+ 16. Kd2 Bxf2 17. Rhf1 h6 18. h3 hxg5 19. hxg4 Be3+ 20. Kc3 g6 21. d4 Bf4 22. Rae1 Rxe1 23. Rxe1 Kd7 24. Kd3 f5 25. Ne5+ Bxe5 26. Rxe5 Rh2 27. gxf5 gxf5 28. Rxf5 Rxg2 29. Rf7+ Kd6 30. Rg7 b5 31. b3 Rg3+ 32. Ke4 Rg4+ 33. Kd3 Rg3+ 34. Ke4 Rg4+ 35. Kd3 1/2-1/2

[Event "Wch Blitz"]
[Site "Samarkand"]
[Date "2023.12.30"]
[Round "14"]
[White "Makarian, Rudik"]
[Black "Vidit, Santosh Gujrathi"]
[Result "0-1"]
[WhiteElo "2530"]
[BlackElo "2737"]
[PlyCount "90"]
[EventDate "2023.12.29"]
[EventType "swiss (blitz)"]
[EventRounds "21"]
[EventCountry "UZB"]
[SourceTitle "CB01_2024"]
[SourceDate "2024.01.03"]
[SourceVersion "1"]
[SourceVersionDate "2024.01.03"]
[SourceQuality "1"]

1. e4 c5 2. Nf3 e6 3. g3 Nc6 4. Bg2 Nf6 5. d3 d5 6. Nbd2 Be7 7. 0-0 0-0 8. Re1 Qc7 9. Nf1 Rd8 10. e5 Nd7 11. Bf4 Nf8 12. g4 f5 13. gxf5 exf5 14. Qd2 Ne6 15. h4 d4 16. Ng3 Nb4 17. Bg5 g6 18. Bf6 Nd5 19. Ng5 Nef4 20. Bxe7 Qxe7 21. Bxd5+ Nxd5 22. f4 Be6 23. Kh2 h6 24. Nf3 Kf7 25. Rg1 Rg8 26. Rae1 Rad8 27. Re2 Ke8 28. c3 dxc3 29. bxc3 Kf8 30. a3 Nb6 31. Qe3 Nd5 32. Qc1 Nc7 33. Qc2 Bd5 34. Rf1 Ne6 35. Qd2 Bxf3 36. Rxf3 Qxh4+ 37. Kg1 g5 38. fxg5 f4 39. Ne4 Qg4+ 40. Kf2 hxg5 41. Qd1 Qh4+ 42. Kg2 g4 43. Rff2 f3+ 44. Kg1 Rh8 45. Rh2 fxe2 0-1

[Event "Wch Blitz"]
[Site "Samarkand"]
[Date "2023.12.30"]
[Round "15"]
[White "Vidit, Santosh Gujrathi"]
[Black "Murzin, Volodar"]
[Result "0-1"]
[WhiteElo "2737"]
[BlackElo "2627"]
[PlyCount "66"]
[EventDate "2023.12.29"]
[EventType "swiss (blitz)"]
[EventRounds "21"]
[EventCountry "UZB"]
[SourceTitle "CB01_2024"]
[SourceDate "2024.01.03"]
[SourceVersion "1"]
[SourceVersionDate "2024.01.03"]
[SourceQuality "1"]

1. d4 d5 2. c4 c6 3. cxd5 cxd5 4. Bf4 e6 5. Nc3 Bd6 6. e3 Bxf4 7. exf4 Nc6 8. Nf3 Nge7 9. Bd3 Nf5 10. Bc2 Qf6 11. Ne2 Bd7 12. Ne5 0-0-0 13. Qd2 Nd6 14. 0-0-0 Kb8 15. Kb1 Qe7 16. Rhe1 f6 17. Nd3 Nc4 18. Qc3 Rc8 19. Nc5 b6 20. Nxd7+ Qxd7 21. Qg3 f5 22. Bb3 N6a5 23. Nc1 Rc7 24. Nd3 Rhc8 25. Bxc4 Nxc4 26. Qf3 Qb5 27. Ka1 a5 28. Qe2 a4 29. a3 Na5 30. Nb4 Rc1+ 31. Rxc1 Nb3+ 32. Kb1 Rxc1+ 33. Rxc1 Qxe2 0-1

[Event "Wch Blitz"]
[Site "Samarkand"]
[Date "2023.12.29"]
[Round "4"]
[White "Khismatullin, Denis Rimovich"]
[Black "Vidit, Santosh Gujrathi"]
[Result "1-0"]
[WhiteElo "2579"]
[BlackElo "2737"]
[PlyCount "113"]
[EventDate "2023.12.29"]
[EventType "swiss (blitz)"]
[EventRounds "21"]
[EventCountry "UZB"]
[SourceTitle "CB01_2024"]
[SourceDate "2024.01.03"]
[SourceVersion "1"]
[SourceVersionDate "2024.01.03"]
[SourceQuality "1"]

1. d4 Nf6 2. c4 e6 3. Nf3 d5 4. Nc3 Nbd7 5. Bf4 Bb4 6. cxd5 exd5 7. e3 Ne4 8. Nd2 Nxc3 9. bxc3 Bxc3 10. Rc1 Ba5 11. Qa4 Bxd2+ 12. Kxd2 c6 13. Qa3 Nf6 14. Bd3 Qe7 15. Qxe7+ Kxe7 16. a4 a5 17. f3 Nh5 18. Be5 Nf6 19. Rc3 Nd7 20. Bc7 Nf8 21. Rb1 Ne6 22. Bb6 g6 23. e4 Bd7 24. Ke3 Rhe8 25. g3 f6 26. Bc2 Kf8 27. Bd3 Kg7 28. h4 Re7 29. Kf2 Be8 30. Re1 Kf7 31. Bc2 Ra6 32. Rb1 Rd7 33. exd5 cxd5 34. Rc8 Rd6 35. Bc5 Nxc5 36. dxc5 Rd7 37. Re1 Re7 38. Rxe7+ Kxe7 39. Rc7+ Bd7 40. Rxb7 Rc6 41. Bd3 Kd8 42. Bb5 Rc7 43. Rb8+ Ke7 44. Ke3 d4+ 45. Kxd4 Be6 46. c6 Kd6 47. Rd8+ Ke7 48. Ra8 Kd6 49. Rxa5 Bb3 50. Ra8 Re7 51. Rd8+ Ke6 52. a5 Kf5 53. Bd3+ Ke6 54. a6 Ba4 55. Bc4+ Kf5 56. Rd5+ Re5 57. Rxe5+ 1-0

[Event "Wch Blitz"]
[Site "Samarkand"]
[Date "2023.12.29"]
[Round "7"]
[White "Vidit, Santosh Gujrathi"]
[Black "Terry, Renato"]
[Result "1-0"]
[WhiteElo "2737"]
[BlackElo "2522"]
[PlyCount "137"]
[EventDate "2023.12.29"]
[EventType "swiss (blitz)"]
[EventRounds "21"]
[EventCountry "UZB"]
[SourceTitle "CB01_2024"]
[SourceDate "2024.01.03"]
[SourceVersion "1"]
[SourceVersionDate "2024.01.03"]
[SourceQuality "1"]

1. d4 e6 2. c4 Bb4+ 3. Bd2 Bxd2+ 4. Qxd2 Nf6 5. g3 d6 6. Nf3 0-0 7. Bg2 Qe7 8. Nc3 e5 9. 0-0 Re8 10. dxe5 dxe5 11. Nd5 Qd8 12. Rad1 c6 13. Nxf6+ Qxf6 14. Ng5 Bf5 15. Ne4 Bxe4 16. Bxe4 Na6 17. b4 Rad8 18. Qc3 Rd4 19. Bg2 Red8 20. Rxd4 exd4 21. Qd2 Nc7 22. Rd1 Ne6 23. h4 h6 24. Bh3 Qe5 25. Qd3 b6 26. Bg2 c5 27. b5 Re8 28. a4 g6 29. a5 Kg7 30. axb6 axb6 31. Ra1 Nf8 32. Kf1 g5 33. hxg5 Qxg5 34. Bd5 Re7 35. Ra6 Nd7 36. Qf3 Qc1+ 37. Kg2 Qg5 38. Kf1 Qc1+ 39. Kg2 Qg5 40. Bc6 Ne5 41. Qf4 Qxf4 42. gxf4 Nxc4 43. Bd5 Nd2 44. Rxb6 Rxe2 45. Rb7 Re8 46. Rxf7+ Kg6 47. Rd7 Rb8 48. Bc6 Kf5 49. Rd5+ Kxf4 50. Rxc5 Nb3 51. Rd5 Rg8+ 52. Kf1 Rb8 53. Ke2 Rb6 54. Kd3 Na5 55. Rxd4+ Ke5 56. f4+ Ke6 57. Bd7+ Ke7 58. Kc3 Nb7 59. Kb4 Rf6 60. Bc6 Nd6 61. b6 Rf8 62. Kc5 Rf5+ 63. Rd5 Rf6 64. Rd4 Rf5+ 65. Bd5 Kd8 66. Ra4 Kd7 67. Kd4 Nb7 68. Ke4 Nd8 69. Ra7+ 1-0

[Event "Wch Rapid"]
[Site "Samarkand"]
[Date "2023.12.28"]
[Round "11"]
[White "Erigaisi, Arjun Kumar"]
[Black "Vidit, Santosh Gujrathi"]
[Result "0-1"]
[WhiteElo "2727"]
[BlackElo "2737"]
[PlyCount "62"]
[EventDate "2023.12.26"]
[EventType "swiss (rapid)"]
[EventRounds "13"]
[EventCountry "UZB"]
[SourceTitle "CB01_2024"]
[SourceDate "2024.01.03"]
[SourceVersion "1"]
[SourceVersionDate "2024.01.03"]
[SourceQuality "1"]

1. e4 e5 2. Nf3 Nc6 3. d4 exd4 4. Nxd4 Bc5 5. Be3 Qf6 6. c3 Nge7 7. Bb5 Bb6 8. 0-0 0-0 9. a4 Qg6 10. Bd3 Ne5 11. a5 Bxd4 12. cxd4 Nxd3 13. Qxd3 d5 14. f3 a6 15. Nc3 Be6 16. Bf4 Rac8 17. Qe3 Rfe8 18. Na4 dxe4 19. fxe4 Bc4 20. Rfe1 Nd5 21. Qf3 Nb4 22. Qc3 Nd3 23. Qxc4 Nxf4 24. g3 Nh3+ 25. Kg2 Ng5 26. Nc3 Nxe4 27. Nd5 c6 28. Nf4 Qf5 29. Qd3 g5 30. Nh5 Qf2+ 31. Kh1 Qxe1+ 0-1

[Event "Wch Rapid"]
[Site "Samarkand"]
[Date "2023.12.28"]
[Round "12"]
[White "Vidit, Santosh Gujrathi"]
[Black "Fedoseev, Vladimir1"]
[Result "0-1"]
[WhiteElo "2737"]
[BlackElo "2683"]
[PlyCount "130"]
[EventDate "2023.12.26"]
[EventType "swiss (rapid)"]
[EventRounds "13"]
[EventCountry "UZB"]
[SourceTitle "CB01_2024"]
[SourceDate "2024.01.03"]
[SourceVersion "1"]
[SourceVersionDate "2024.01.03"]
[SourceQuality "1"]

1. d4 d5 2. c4 c6 3. Nf3 Nf6 4. Nc3 e6 5. e3 Nbd7 6. Bd3 dxc4 7. Bxc4 Bd6 8. e4 e5 9. dxe5 Nxe5 10. Nxe5 Bxe5 11. Qxd8+ Kxd8 12. Bxf7 Bxc3+ 13. bxc3 Nxe4 14. 0-0 Bd7 15. Re1 Rf8 16. Bb3 Re8 17. f3 Nxc3 18. Bb2 Nd5 19. Bxg7 Be6 20. Re4 Kd7 21. Rd1 a5 22. a4 Bg8 23. Kf2 Re7 24. Bc3 b6 25. Bd4 Rb8 26. g4 b5 27. axb5 Rxb5 28. Ba4 Rxe4 29. fxe4 Rb4 30. Bc2 Rc4 31. Bb1 Ne7 32. Bb6+ Kc8 33. Bxa5 Ra4 34. Rd8+ Kb7 35. Bc3 Kc7 36. Re8 Kd7 37. Rb8 Ba2 38. Bd3 Ng6 39. e5 Kc7 40. Rb2 Bd5 41. Bf5 Nh4 42. Ke3 h5 43. e6 Ra3 44. Kd2 Nf3+ 45. Kc2 hxg4 46. e7 Bf7 47. Bxg4 Bg6+ 48. Kd1 Rxc3 49. Re2 Be8 50. h3 Nd4 51. Re4 c5 52. h4 Rg3 53. h5 Kd6 54. Ke1 Rg2 55. Kf1 Rh2 56. Kg1 Rh4 57. Kf2 Kd5 58. Rf4 Kd6 59. Kg3 Rh1 60. Re4 Rf1 61. Kh4 Kd5 62. Bh3 Rh1 63. Rf4 Bd7 64. Rg4 Nf5+ 65. Kg5 Rxh3 0-1